000 01138nam a22002537a 4500
005 20080822142459.0
008 080822t xxu||||| |||| 00| 0 hin d
010 _aHIN-84030
020 _c195.00
_a8180800687
035 _aHN-56376
037 _aDBAD / PUB
040 _aDPL
_bHN
082 _a641.5954
100 _aजैन, अन्नू
245 _aभारतीय पाक कला /
_cअन्नू जैन
246 _aBhaaratiya paaka kalaa
_bby Annu Jain
260 _aदिल्ली
_bवर्धमान पब्लिकेशन्स
_c2006
270 _a139- सी, डी.डी.ए. फ्लैटस, झिलमिल कालोनी
_bदिल्ली
_e110095
300 _a143पृ
_c22सेमी (सजिल्द)
_bसचित्र
650 _aIndian cooking
650 _aभारतीय पाककला
942 _2ddc
_cHN
_kजैनअ
_h641.5954
999 _c14989
_d14989